00671 2200229 4500001002100000005001500021035002000036007000300056008004100059020002200100082001000122084001600132100002400148245010700172250001000279260006500289300003100354650001800385700001600403990001100419990001100430INLIS00000000000422520191015112221 a0010-1019000077ta191015 g 0 ind  a978-979-788-474-1 a741.5 a741.5 CHR j0 aCHRISTOPHER, Holley1 aJika Kalian Punya Kekuatan Super :bApa Yang Kalian Lakukan? /cChristopher Holley, editor, Dewanti N. acet.1 aJakarta :bCerdas Interaktif ( Penebar Swadaya Grup ),c2017 a52 hlm. :bilus. ;c21 cm. 4aGAMBAR. KOMIK0 aDEWANTI, N. a7007 a a7007 b